Vilões do Homem-Aranha - Statistics

Estatísticas Gerais
  • Esse quiz foi jogado 78 vezes
  • A pontuação média é 11 de 20
Estatísticas das Respostas
Resposta % Correto
Duende Verde
93%
Homem-Areia
93%
Venom
91%
Electro
86%
Doutor Octopus
81%
Lagarto
81%
Mysterio
72%
Abutre
68%
Rino
65%
Rei do Crime
57%
Carnificina
54%
Escorpião
51%
Kraven, o Caçador
42%
Gata Negra
39%
Duende Macabro
35%
Morbius
30%
Shocker
29%
Senhor Negativo
26%
Camaleão
23%
Chacal
10%
Nenhum quiz correspondente encontrado
Distribuição das Pontuações
Porcentagem de Pessoas com Cada Pontuação
Percentil de Números Respondidos
Sua Pontuação Histórica
Você não jogou esse quiz